|
|
|
|
| LEADER |
00000nam a2200000Ii 4500 |
| 001 |
DIGEJTLOZ198 |
| 003 |
NyNyDIG |
| 006 |
m o d |
| 007 |
cr ||||||||||| |
| 008 |
240813s2024 ck ob 000 0dspa d |
| 035 |
|
|
|a (OCoLC)1430321860
|
| 040 |
|
|
|a DGITA
|b eng
|e rda
|e pn
|c DGITA
|
| 020 |
|
|
|a 9789587253528
|q edigital
|
| 020 |
|
|
|z 9789587253511
|q impreso
|
| 024 |
7 |
|
|a https://doi.org/10.21789/9789587253511
|2 doi
|
| 043 |
|
|
|a s-ck---
|
| 050 |
1 |
4 |
|a QK31.T82 ebook
|
| 082 |
0 |
4 |
|a 580.92
|2 23
|
| 100 |
1 |
|
|a Molano Vega, Mario Alejandro,
|e author.
|
| 245 |
1 |
0 |
|a Jorge Tadeo Lozano en la Real Expedición Botánica del Nuevo Reino de Granada /
|c Mario Alejandro Molano Vega.
|
| 264 |
|
1 |
|a Bogotá :
|b Editorial UTADEO,
|c [2024]
|
| 300 |
|
|
|a 1 online resource.
|
| 336 |
|
|
|a text
|b txt
|2 rdacontent
|
| 337 |
|
|
|a computer
|b c
|2 rdamedia
|
| 338 |
|
|
|a online resource
|b cr
|2 rdacarrier
|
| 347 |
|
|
|a text file
|2 rdaft
|
| 347 |
|
|
|b PDF
|
| 490 |
1 |
|
|a Colección Hojas mutisianas ;
|v #5
|
| 504 |
|
|
|a Includes bibliographical references.
|
| 588 |
0 |
|
|a Online resource; title from PDF title page (Digitalia, viewed August 13, 2024)
|
| 600 |
1 |
0 |
|a Lozano, Jorge Tadeo,
|d 1771-1816.
|
| 600 |
1 |
0 |
|a Mutis, José Celestino,
|d 1732-1808.
|
| 650 |
|
0 |
|a Botany
|z Colombia
|x History.
|
| 650 |
|
0 |
|a Botanical illustration
|z Colombia.
|
| 650 |
|
0 |
|a Scientific expeditions
|z Colombia.
|
| 650 |
|
0 |
|a Botany
|z Colombia.
|
| 611 |
2 |
0 |
|a Real Expedición Botánica del Nuevo Reino de Granada
|d (1783-1816)
|x History.
|
| 791 |
2 |
|
|a Digitalia (Firm),
|e distributor.
|
| 793 |
0 |
|
|g Digitalia eBook Collection:
|a Editorial Jorge Tadeo Lozano
|
| 776 |
0 |
8 |
|i Print version:
|a Molano Vega, Mario Alejandro.
|t Jorge Tadeo Lozano en la Real Expedición Botánica del Nuevo Reino de Granada.
|d Bogotá : Editorial UTADEO, [2024]
|z 9789587253511
|
| 830 |
|
0 |
|a Colección Hojas mutisianas ;
|v #5.
|
| 856 |
4 |
0 |
|3 Digitalia Hispánica
|u https://www.digitaliapublishing.com/a/156283/
|
| 910 |
|
|
|a Premium collection: 2024
|